Compositores de América : (Registro nro. 6957)
[ vista simple ]
| 000 -CABECERA | |
|---|---|
| campo de control de longitud fija | 00810cam a2200193 a 4500 |
| 001 - NÚMERO DE CONTROL | |
| campo de control | 000007176 |
| 005 - FECHA Y HORA DE LA ÚLTIMA TRANSACCIÓN | |
| campo de control | 20200929154104.0 |
| 008 - DATOS DE LONGITUD FIJA--INFORMACIÓN GENERAL | |
| campo de control de longitud fija | 820225s1965 dcua bc i000 0cspa |
| 040 ## - FUENTE DE LA CATALOGACIÓN | |
| Centro catalogador/agencia de origen | DO-SdBNP |
| Lengua de catalogación | spa |
| Centro/agencia transcriptor | BNPHU |
| 041 17 - CÓDIGO DE LENGUA | |
| Código de lengua del texto/banda sonora o título independiente | spa |
| Código de lengua original | eng |
| 082 ## - NÚMERO DE LA CLASIFICACIÓN DECIMAL DEWEY | |
| Número de clasificación | nnn |
| Número de documento/Ítem | C737 a |
| 245 00 - MENCIÓN DE TÍTULO | |
| Título | Compositores de América : |
| Resto del título | datos biográficos y catálogos de sus obras = Composers of the Américas : biographical data and catalogs of their works. |
| 246 31 - FORMA VARIANTE DE TÍTULO | |
| Título propio/Titulo breve | Composers of the Americas |
| 260 ## - PUBLICACIÓN, DISTRIBUCIÓN, ETC. | |
| Lugar de publicación, distribución, etc. | Washington, D.C. : |
| Nombre del editor, distribuidor, etc. | Secretaría General ; |
| -- | Organización de los Estados Américanos, |
| Fecha de publicación, distribución, etc. | 1965. |
| 300 ## - DESCRIPCIÓN FÍSICA | |
| Extensión | v. : |
| Otras características físicas | il. ; |
| Dimensiones | 28 cm. |
| 500 ## - NOTA GENERAL | |
| Nota general | Reimpresión, 1978. |
| 710 1# - PUNTO DE ACCESO ADICIONAL--NOMBRE DE ENTIDAD CORPORATIVA | |
| Nombre de entidad corporativa o nombre de jurisdicción como elemento de entrada | Unión Panamericana. Secretaría General de la Organización de los Estados Americanos |
| 9 (RLIN) | 19927 |
| 710 1# - PUNTO DE ACCESO ADICIONAL--NOMBRE DE ENTIDAD CORPORATIVA | |
| Nombre de entidad corporativa o nombre de jurisdicción como elemento de entrada | Unión Panamericana. Sección de Música |
| 9 (RLIN) | 19928 |
| Estado de retiro | Estado de pérdida | Restricciones de uso | No para préstamo | Código de colección | Localización permanente | Ubicación/localización actual | Ubicación en estantería | Fecha de adquisición | Número de inventario | Total de préstamos | Signatura topográfica completa | Código de barras | Fecha visto por última vez | Precio válido a partir de | Tipo de ítem Koha |
|---|---|---|---|---|---|---|---|---|---|---|---|---|---|---|---|
| Préstamo interno | Monografías: Libros y Folletos | General | General | En catalogación | 05.09.2009 | LF1 | v.7 | 7176-10 | 25.06.2020 | 25.06.2020 | Préstamo interno | ||||
| Préstamo interno | Monografías: Libros y Folletos | General | General | En catalogación | 11.02.2010 | LF1 | v.10 | 7176-20 | 25.06.2020 | 25.06.2020 | Préstamo interno | ||||
| Préstamo interno | Monografías: Libros y Folletos | General | General | En catalogación | 11.02.2010 | LF1 | v.11 | 7176-30 | 25.06.2020 | 25.06.2020 | Préstamo interno | ||||
| Préstamo interno | Monografías: Libros y Folletos | General | General | En catalogación | 11.02.2010 | LF1 | v.12 | 7176-40 | 25.06.2020 | 25.06.2020 | Préstamo interno | ||||
| Préstamo interno | Monografías: Libros y Folletos | General | General | En catalogación | 11.02.2010 | LF1 | v.19 | 7176-50 | 25.06.2020 | 25.06.2020 | Préstamo interno |
